Jorn Utzon: conversaciones y otros escritos

Spremljeno u:
Bibliografski detalji
Glavni autor: Puente, Moisés (Autor)
Format: Knjiga
Jezik:španjolski
Izdano: Barcelona Gustavo Gili 2010
Izdanje:1a. ed
Teme:
Oznake: Dodaj oznaku
Bez oznaka, Budi prvi tko označuje ovaj zapis!

MARC

LEADER 00000nam a2200000 a 4500
001 UCG0494
003 CL-VaPUC
008 100325e20100000SP |||||||||||||||||spa|d
020 |a 9788425222061 
082 0 4 |a 720.1  |b PUE  |2 21 
100 0 |a Puente, Moisés  |e author  |9 547933 
245 1 0 |a Jorn Utzon: conversaciones y otros escritos 
250 |a 1a. ed 
300 |a 95 p 
942 |c BK 
945 |d 20100325 00:00:00  |a cmena 
260 |a Barcelona  |b Gustavo Gili  |c 2010 
600 0 7 |a UTZON, JORN  |2 CL-VaPUC  |9 547934 
650 0 |a Filosofía de la arquitectura  |9 267382 
650 0 |a Diseño arquitectónico   |9 265271 
650 0 |a Arquitectos daneses  |9 547935 
650 0 |a Arquitectura contemporánea  |9 367350 
583 |a last modification  |c 20121217 09:33:50  |k Rodrigo Vera 
999 |c 340116  |d 340114 
952 |0 0  |1 0  |4 0  |6 720_100000000000000_PUE_2010  |7 0  |8 A  |9 434628  |a BIBARQ  |b BIBARQ  |d 2019-11-22  |i 4656881  |o 720.1 PUE 2010  |p 4656881  |r 2025-01-20  |w 2019-11-22  |y BK  |k ARQ